Score 0/20 Timer 06:00
1 Play Today
Clue 6-Letter Word % Correct
Two-piece bathing suitBIKINI
90.1%
Any ''warm-blooded'' vertebrate that feeds milk to its youngMAMMAL
84.8%
Cooking vegetable with varieties including habaƱero, cayenne chili, and poblanoPEPPER
81.2%
A segment of a baseball gameINNING
80.9%
Fun house fixture with a smooth, glass surface that reflects an imageMIRROR
77.1%
Light, soft, and airy, sometimes lacking substanceFLUFFY
72.9%
To provide supplementary aid, perhaps during a basketball playASSIST
63.6%
Just barely awake and functioningGROGGY
62.9%
To make or become ragged, by tearing, fraying, or shreddingTATTER
62.1%
The number 1 followed by 100 zeros, which inspired the name of a search engineGOOGOL
59.9%
Clue 6-Letter Word % Correct
Tropical yellow fruit called the ''fruit of the angels'' by Christopher ColumbusPAPAYA
58.3%
Social gathering or meeting for discussion; a Native American ceremonyPOWWOW
57%
Eliciting more goosebumpsEERIER
53.8%
A long, loose dress with bright colors and patternsMUUMUU
48%
A loud, chaotic mixture of voices caused by a large crowdHUBBUB
47.7%
Number next to a plus sign, which contributes to part of a sumADDEND
38.2%
Quality or style that is exciting, interesting, or attractivePIZAZZ
37.7%
Early Talmudic sage, or a Jewish organization on a university campusHILLEL
22.5%
Happening again or reoccurring in the same order; a molecule containing a ring of atomsCYCLIC
22.1%
The arrangement of the earth, moon, and sun in a straight lineSYZYGY
17.1%
Remove Ads.
Support Sporcle.
Get the best of Sporcle when you Go Orange. This ad-free experience offers more features, more stats, and more fun while also helping to support Sporcle. Thank you for becoming a member.

You're not logged in!

Compare scores with friends on all Sporcle quizzes.
OR
Log In

Show Comments

Extras

Top Quizzes Today


Score Distribution

Your Account Isn't Verified!

In order to create a playlist on Sporcle, you need to verify the email address you used during registration. Go to your Sporcle Settings to finish the process.

Report this User

Report this user for behavior that violates our Community Guidelines.

Details: